000 00288nam a22001337a 4500
008 170815b xxu||||| |||| 00| 0 eng d
020 _a9780787273088
041 _aeng
080 _23RD
_a51
100 _a36
101 _aMAT
245 _aHOW DOYPU KNOW?
_cHIRST,H.P
942 _2udc
_cBK
999 _c23540
_d23540